000 00334 a2200157 4500
001 160278
020 _a
040 _cMagnum
100 _aMurray, Roseana
240 1 0 _aTantos medos e outras coragens
_lpor
245 1 0 _aTantos medos e outras coragens
362 0 _a1899
440 1 _aFTD
697 _aIJ/CONTOS
942 _cBK
999 _c160278
_d160278